Mathematics of money / (Record no. 16137)
[ view plain ]
| 000 -LEADER | |
|---|---|
| fixed length control field | 00555cam a2200193 a 4500 |
| 020 ## - INTERNATIONAL STANDARD BOOK NUMBER | |
| ISBN | 0314029478 (hard : recycled, acidfree paper) |
| 040 ## - CATALOGING SOURCE | |
| Transcribing agency | DLC |
| 082 00 - DEWEY DECIMAL CLASSIFICATION NUMBER | |
| Classification number | 650 WES 1995 A105 Or. |
| 100 1# - MAIN ENTRY--AUTHOR NAME | |
| Personal name | Austin, Joe Dan. |
| 245 00 - TITLE STATEMENT | |
| Title | Mathematics of money / |
| 250 ## - EDITION STATEMENT | |
| Edition statement | 2nd ed. |
| 260 ## - PUBLICATION, DISTRIBUTION, ETC. (IMPRINT) | |
| Place of publication | Minneapolis/St. Paul : |
| Name of publisher | West Pub. Co., |
| Year of publication | c1995. |
| 300 ## - PHYSICAL DESCRIPTION | |
| Number of Pages | 1 v. (various pagings) : |
| Other physical details | ill. (some col.) ; |
| Dimensions | 27 cm. |
| 500 ## - GENERAL NOTE | |
| General note | Includes index. |
| 650 #0 - SUBJECT ADDED ENTRY--TOPICAL TERM | |
| Topical Term | Business mathematics. |
| 700 1# - ADDED ENTRY--PERSONAL NAME | |
| Personal name | Howard, Arthur C. |
| 700 1# - ADDED ENTRY--PERSONAL NAME | |
| Personal name | Thomas, R. D. |
| 942 ## - ADDED ENTRY ELEMENTS (KOHA) | |
| Koha item type | សៀវភៅភាសាអង់គ្លេស |
| 952 ## - LOCATION AND ITEM INFORMATION (KOHA) | |
| Withdrawn status [LOCAL, KOHA] | 0 |
| Permanent Location | Date acquired | Koha item type | Lost status | Shelving location | Barcode | Current Location | Full call number |
|---|---|---|---|---|---|---|---|
| Library Block A | 2018-01-16 | សៀវភៅភាសាអង់គ្លេស | A105 | A23033 | Library Block A | 650 WES 1995 A105 Or. |